000 01253cam a22003254a 4500
001 13349162
005 20250901094808.0
008 030923s2004 flu 000 0 eng
020 _a0156028158
020 _a9780156028158
050 0 0 _aHQ777
_b.O33 2004
082 0 0 _a305.23/082
_222
245 0 0 _aOdd girl speaks out :
_bgirls write about bullies, cliques, popularity, and jealousy /
_cRachel Simmons, [editor].
250 _a1st ed.
260 _aOrlando, Fla. :
_bHarcourt,
_cc2004.
300 _aviii, 199 p. ;
_c21 cm.
500 _a"A Harvest original".
650 0 _aGirls
_xPsychology.
650 0 _aInterpersonal relations in children.
650 0 _aInterpersonal conflict in children.
650 0 _aAggressiveness in children.
650 0 _aBullying.
650 0 _aCliques (Sociology)
700 1 _aSimmons, Rachel,
_d1974-
856 4 2 _3Contributor biographical information
_uhttp://www.loc.gov/catdir/bios/har051/2003020672.html
856 4 1 _3Sample text
_uhttp://www.loc.gov/catdir/samples/har051/2003020672.html
856 4 2 _3Publisher description
_uhttp://www.loc.gov/catdir/description/har041/2003020672.html
856 4 1 _3Table of contents
_uhttp://www.loc.gov/catdir/toc/har041/2003020672.html
942 _2lcc
_cBK
_n0
999 _c7410
_d7410